| 000 | 00666nam a22002177a 4500 | ||
|---|---|---|---|
| 999 |
_c17349 _d17349 |
||
| 003 | AR-CdUCM | ||
| 008 | 190508b ||||| |||| 00| 0 spa d | ||
| 040 |
_aMUNICIPALIDAD PROVINCIAL DEL CUSCO _cBIBLIOTECA MUNICIPAL DEL CUSCO |
||
| 082 |
_a340 / _bR63 |
||
| 100 |
_aRios Urruti, Fernando de los _937319 |
||
| 245 | _aEstudios Juridicos / | ||
| 260 |
_aBuenos Aires : _bEdiciones juridicas Europa-America, _c1959. |
||
| 300 |
_a232 paginas ; _c15 cm. |
||
| 500 | _aJuridicos | ||
| 650 |
_aLeyes _94808 |
||
| 650 |
_aDerecho _9739 |
||
| 650 |
_aJuridicos _926720 |
||
| 700 |
_aSentis Melendo, Santiago _94360 |
||
| 942 |
_2ddc _cLIBROS |
||
| 945 |
_apjha _d2019-05-08 |
||